Biomass energy and coal in Africa (Record no. 84674)
[ view plain ]
| 000 -LEADER | |
|---|---|
| fixed length control field | 00949nam a2200229 a 4500 |
| 008 - FIXED-LENGTH DATA ELEMENTS--GENERAL INFORMATION | |
| fixed length control field | 120416s1994 ||||||||||||||||| || u |
| 020 ## - INTERNATIONAL STANDARD BOOK NUMBER | |
| International Standard Book Number | 1856492354 |
| 050 ## - LIBRARY OF CONGRESS CALL NUMBER | |
| Classification number | TP 325 Bio |
| 100 ## - MAIN ENTRY--PERSONAL NAME | |
| Personal name | Hall, D. O. (David Oakley) |
| 245 10 - TITLE STATEMENT | |
| Title | Biomass energy and coal in Africa |
| Statement of responsibility, etc. | J.B.S. Diphaha and others |
| 260 ## - PUBLICATION, DISTRIBUTION, ETC. | |
| Place of publication, distribution, etc. | London: |
| Name of publisher, distributor, etc. | Zed Books African Energy Policy Research Network |
| Date of publication, distribution, etc. | 1994 |
| 300 ## - PHYSICAL DESCRIPTION | |
| Extent | xix, 196p. : ill. |
| 350 ## - | |
| -- | 0.00 |
| 650 ## - SUBJECT ADDED ENTRY--TOPICAL TERM | |
| Topical term or geographic name entry element | ENERGY |
| 650 ## - SUBJECT ADDED ENTRY--TOPICAL TERM | |
| Topical term or geographic name entry element | BIOMASS ENERGY--AFRICA |
| 650 ## - SUBJECT ADDED ENTRY--TOPICAL TERM | |
| Topical term or geographic name entry element | COAL -- AFRICA |
| 700 ## - ADDED ENTRY--PERSONAL NAME | |
| Personal name | Mao, Yu-shi, 1929- |
| 700 ## - ADDED ENTRY--PERSONAL NAME | |
| Personal name | Diphaha, J. B. S |
| 710 ## - ADDED ENTRY--CORPORATE NAME | |
| Corporate name or jurisdiction name as entry element | African Energy Policy Research Network |
| 995 ## - | |
| -- | ANNEX COLLECTION (Main Library) |
| -- | 0.00 |
| -- | 725630 |
| -- | CBU-MAIN LIBRARY (Kitwe) |
| -- | 2 |
| -- | 32.95 |
| -- | TP 325 Bio |
| -- | AVAILABLE |
| -- | 017674 |
| -- | Annex Low-Usage Collection |
| 995 ## - | |
| -- | ANNEX COLLECTION (Main Library) |
| -- | 0.00 |
| -- | 017675 |
| -- | CBU-MAIN LIBRARY (Kitwe) |
| -- | 3 |
| -- | 32.95 |
| -- | TP 325 Bio |
| -- | AVAILABLE |
| -- | 017675 |
| -- | Annex Low-Usage Collection |
| 999 ## - | |
| -- | 84674 |
| -- | 84674 |
No items available.